Vplyv globálneho otepľovania na trh služieb cestovného ruchu bakalárska práca

Enregistré dans:
Détails bibliographiques
Auteur principal: Vico, Michal
Collectivité auteur: Obchodná fakulta EU. Katedra služieb a cestovného ruchu - zrušené
Autres auteurs: Litomerický, Juraj
Format: Livre
Langue:slovaque
Publié: Bratislava 2009
Tags: Ajouter un tag
Pas de tags, Soyez le premier à ajouter un tag!

MARC

LEADER 00000nam$a2200000$$$4500
001 0102864
005 20240318140355.8
041 0 |a slo 
044 |a SK 
245 1 0 |a Vplyv globálneho otepľovania na trh služieb cestovného ruchu  |b bakalárska práca  |c Michal Vico ; škol. Juraj Litomerický 
264 1 |a Bratislava  |c 2009 
300 |a 52 s. 
100 1 |a Vico, Michal 
700 1 |a Litomerický, Juraj 
710 2 |a Obchodná fakulta EU. Katedra služieb a cestovného ruchu - zrušené